00537nam a2200169Ia 4500100001700000650001400017942000700031366000700038654001500045245010200060260001600162082001400178300000800192546002300200999001700223952012700240 aFranks/Bill  aAnalytics cBK f20 atidal wave aTaming the Big Data Tidal wave:Finding oppurtunities in Huge Data streams with Advanced analytics bWileyc2012 a5.73bFRA a304 aENGLISHcComputers c23795d23795 001040708CRCaCRCEbCRCEd2023-03-17eShroff Publishersg799.20l0o5.73 FRAp24627r2023-03-17v999.00w0000-00-00yBK